000 00922nam a2200301 i 4500
001 000007192
003 DO-SdBNP
005 20250501120733.0
007 ta
008 090907s1984 dr 000 0 spa d
040 _aDO-SdBNP
_bspa
_cBNPHU
_erda
082 _aRD863.44
_bG158c, 1984
_222
100 1 _a Galíndez, Jesús de,
_d1915-1956
_eautor
_983901
245 1 0 _aCinco leyendas del trópico /
_cJesús de Galindez.
250 _a2a edición
264 _aSanto Domingo :
_bTaller,
_c1984.
300 _a99 páginas ;
_c21 cm.
336 _ardacontent
_btexto
_2txt
337 _ardamedia
_bsin mediación
_2n
338 _ardacarrier
_bvolumen
_2nc
500 _aIncluye datos biográficos del autor en la contracubierta
590 _aInventariado, 2024/DG
650 0 _aCuentos dominicanos
_9176
650 0 _aLiteratura dominicana.
_967
650 1 0 _aDemografía
_945443
910 _aDG
942 _2ddc
_cLBS1
999 _c6973
_d6973